|
|
|
|
| LEADER |
00000nam0a2200000 4500 |
| 001 |
332605 |
| 005 |
20231102004455.0 |
| 035 |
|
|
|a (RuTPU)RU\TPU\book\358551
|
| 090 |
|
|
|a 332605
|
| 100 |
|
|
|a 20170525d1977 km y0rusy50 ca
|
| 101 |
0 |
|
|a rus
|
| 102 |
|
|
|a RU
|
| 105 |
|
|
|a a z 001zy
|
| 200 |
1 |
|
|a Алгоритмизация и автоматизация промышленных установок и процессов
|e межвузовский сборник
|f РСФСР, Министерство высшего и среднего специального образования ; Иркутский политехнический институт (ИрПИ) ; под ред. С. В. Елисеева, В. А. Ружникова
|
| 210 |
|
|
|a Иркутск
|c Изд-во Иркутского ПТИ
|d 1977
|
| 215 |
|
|
|a 213 с.
|c ил.
|
| 320 |
|
|
|a Библиография в конце статей
|
| 606 |
1 |
|
|a Алгоритмизация процесса
|x Организация производства
|2 stltpush
|3 (RuTPU)RU\TPU\subj\38541
|9 59008
|
| 610 |
1 |
|
|a промышленные установки
|
| 610 |
1 |
|
|a процессы
|
| 610 |
1 |
|
|a автоматизация
|
| 610 |
1 |
|
|a управление
|
| 610 |
1 |
|
|a поисковые методы
|
| 610 |
1 |
|
|a беспоисковые методы
|
| 610 |
1 |
|
|a стохастические сигналы
|
| 610 |
1 |
|
|a детерминированные сигналы
|
| 610 |
1 |
|
|a моделирование систем
|
| 610 |
1 |
|
|a исследование
|
| 610 |
1 |
|
|a упругие связи
|
| 610 |
1 |
|
|a оптимальные системы
|
| 610 |
1 |
|
|a адаптивные системы
|
| 610 |
1 |
|
|a статьи
|
| 610 |
1 |
|
|a сборники
|
| 675 |
|
|
|a 65.011.56
|v 4
|
| 702 |
|
1 |
|a Елисеев
|b С. В.
|4 340
|
| 702 |
|
1 |
|a Ружников
|b В. А.
|4 340
|
| 712 |
0 |
1 |
|a РСФСР
|b Министерство высшего и среднего специального образования
|c (1959-1990)
|2 stltpush
|3 (RuTPU)RU\TPU\col\22031
|9 28167
|
| 712 |
0 |
2 |
|a Иркутский политехнический институт (ИрПИ)
|c (1960-1993)
|2 stltpush
|3 (RuTPU)RU\TPU\col\233
|
| 801 |
|
1 |
|a RU
|b 63413507
|c 20170525
|
| 801 |
|
2 |
|a RU
|b 63413507
|c 20170529
|g RCR
|
| 942 |
|
|
|c BK
|